Bayer Leverkusen Current Squad - Statistics

General Stats
  • This quiz has been taken 683 times
    471 since last reset
  • The average score is 14 of 28
Answer Stats
# Player % Correct
10 Florian Wirtz
93%
30 Jeremie Frimpong
90%
4 Jonathan Tah
84%
Head Coach Xabi Alonso
84%
20 Álex Grimaldo
83%
1 Lukáš Hrádecký
81%
22 Victor Boniface
78%
14 Patrik Schick
77%
34 Granit Xhaka
73%
12 Edmond Tapsoba
62%
3 Piero Hincapié
61%
8 Robert Andrich
61%
25 Exequiel Palacios
56%
7 Jonas Hofmann
52%
21 Amine Adli
49%
19 Nathan Tella
47%
6 Odilon Kossounou
39%
2 Josip Stanišić
38%
17 Matěj Kovář
38%
23 Adam Hložek
35%
13 Arthur
23%
36 Niklas Lomb
22%
11 Nadiem Amiri
20%
24 Timothy Fosu-Mensah
19%
32 Gustavo Puerta
15%
9 Sardar Azmoun
13%
18 Noah Mbamba
12%
28 Patrick Pentz
7%
No matching quizzes found
Score Distribution
Percent of People with Each Score
Percentile by Number Answered
Your Score History
You have not taken this quiz since the last reset